000 01049nam a22002537a 4500
005 20080905121451.0
008 080905t xxu||||| |||| 00| 0 hin d
010 _aHIN-92865
020 _c80.00
_a9788190478595
035 _aHN-65211
037 _bDBAD / PUB
040 _aDPL
_bHN
082 _a822
100 _aप्रसाद, जयशंकर
_928442
245 _aविशाख /
_cजयशंकर प्रसाद
246 _aVishakh
_bby Jaishankarprasad
260 _aजयपुर
_bपुलकित प्रकाशन
_c2010
270 _aबाण वालों का रास्ता, चौड़ा रास्ता
_bजयपुर
300 _a62पृ
_c22सेमी (सजिल्द)
650 _928443
_aहिन्दी नाटक
650 _928455
_aHindi Play
942 _adpl
_cHN
_2ddc
_mप्रसाद
_h822
999 _c52758
_d52758